Library of the University of Algiers 3
Ibrahim Sultan Cheibout
شعار جامعة الجزائر 3
مكتبة جامعة الجزائر 3
إبراهيم سلطان شيبوط

الخسارة البحرية المشتركة / (رقم التسجيلة. 46005)

تفاصيل مارك
000 -LEADER
fixed length control field 01680nam a2200253Ia 4500
003 - CONTROL NUMBER IDENTIFIER
control field Ost
005 - DATE AND TIME OF LATEST TRANSACTION
control field 20260507075728.0
008 - FIXED-LENGTH DATA ELEMENTS--GENERAL INFORMATION
fixed length control field 260507s9999||||xx |||||||||||||| ||und||
020 ## - INTERNATIONAL STANDARD BOOK NUMBER
International Standard Book Number 3104328977
040 ## - CATALOGING SOURCE
Transcribing agency fsecg
041 ## - LANGUAGE CODE
Language code of text/sound track or separate title ara
082 ## - DEWEY DECIMAL CLASSIFICATION NUMBER
Classification number 341.44
100 ## - MAIN ENTRY--PERSONAL NAME
Personal name سيف، طارق
Relator term مؤلف
245 #0 - TITLE STATEMENT
Title الخسارة البحرية المشتركة /
Statement of responsibility, etc. طارق سيف
260 ## - PUBLICATION, DISTRIBUTION, ETC.
Place of publication, distribution, etc. الاسكندرية:
Name of publisher, distributor, etc. دار الجامعة الجديدة,
Date of publication, distribution, etc. 2003
300 ## - PHYSICAL DESCRIPTION
Extent 228 صفحة؛
Dimensions 24 سم
490 ## - SERIES STATEMENT
Series statement المكتبة القانونية
520 ## - SUMMARY, ETC.
Summary, etc. هذا الكتاب يتناول موضوع الخسارة البحرية المشتركة ( العوارية العامة ) دراسة تفصيلية لقواعد يورك - انتوريب 1994- مفهوم العوارية العامة - انواع الخسارات البحرية - الاصول القانونية و التاريخية للعوارية العامة - العوارية العامة و الشريعة الاسلامية - شرح مفصل لقواعد يورك انتوريب 1994 و انتقاداتها - قواعد يورك انتوريب 1994 و التلوث البحري - اسلوب تسوية العوارية العامة - تسوية العوارية العامة في حالة السفن المستاجرة - العوارية العامة بسندات الشحن و مشارطات الايجار مع عدد من الامثلة الحسابية و الحالات التطبيقية.
653 ## - INDEX TERM--UNCONTROLLED
Uncontrolled term السفن - حوادث
653 ## - INDEX TERM--UNCONTROLLED
Uncontrolled term العقود البحرية
653 ## - INDEX TERM--UNCONTROLLED
Uncontrolled term القانون الدولي البحري
653 ## - INDEX TERM--UNCONTROLLED
Uncontrolled term النقل البحري
942 ## - ADDED ENTRY ELEMENTS (KOHA)
Koha item type كتب
المقتنيات
Withdrawn status Lost status Source of classification or shelving scheme Damaged status Not for loan Home library Current library Date acquired Serial enumeration / chronology Inventory number Total checkouts Full call number Barcode Date last seen Price effective from Koha item type
    Library of Congress Classification   NOT LOAN / إعارة داخلية مكتبة كلية العلوم الإقتصادية والعلوم التجارية وعلوم التسيير مكتبة كلية العلوم الإقتصادية والعلوم التجارية وعلوم التسيير 07/05/2026 الطابق الأرضي 1148/1   أ/1148ن1 1148/1 07/05/2026 07/05/2026 كتب
    Dewey Decimal Classification   Available مكتبة كلية العلوم الإقتصادية والعلوم التجارية وعلوم التسيير مكتبة كلية العلوم الإقتصادية والعلوم التجارية وعلوم التسيير 07/05/2026 الطابق الأرضي 1148/2   أ/1148ن2 1148/2 07/05/2026 07/05/2026 كتب
    Dewey Decimal Classification   Available مكتبة كلية العلوم الإقتصادية والعلوم التجارية وعلوم التسيير مكتبة كلية العلوم الإقتصادية والعلوم التجارية وعلوم التسيير 07/05/2026 الطابق الأرضي 1148/3   أ/1148ن3 1148/3 07/05/2026 07/05/2026 كتب
    Dewey Decimal Classification   Available مكتبة كلية العلوم الإقتصادية والعلوم التجارية وعلوم التسيير مكتبة كلية العلوم الإقتصادية والعلوم التجارية وعلوم التسيير 07/05/2026 الطابق الأرضي 1148/4   أ/1148ن4 1148/4 07/05/2026 07/05/2026 كتب
    Dewey Decimal Classification   Available مكتبة كلية العلوم الإقتصادية والعلوم التجارية وعلوم التسيير مكتبة كلية العلوم الإقتصادية والعلوم التجارية وعلوم التسيير 07/05/2026 الطابق الثاني 1148/5   أ/1148ن5 1148/5 07/05/2026 07/05/2026 كتب
    Dewey Decimal Classification   Available مكتبة كلية العلوم الإقتصادية والعلوم التجارية وعلوم التسيير مكتبة كلية العلوم الإقتصادية والعلوم التجارية وعلوم التسيير 07/05/2026 الطابق الثاني 1148/6   أ/1148ن6 1148/6 07/05/2026 07/05/2026 كتب
    Dewey Decimal Classification   Available مكتبة كلية العلوم الإقتصادية والعلوم التجارية وعلوم التسيير مكتبة كلية العلوم الإقتصادية والعلوم التجارية وعلوم التسيير 07/05/2026 الطابق الثاني 1148/7   أ/1148ن7 1148/7 07/05/2026 07/05/2026 كتب

موارد الويب المفتوحة


© University of Algiers 3 All Rights Reserved
|
Implemented by LECHELAH Riad